| 000 | 01909cam a22003257a 4500 | ||
|---|---|---|---|
| 001 | 15135076 | ||
| 005 | 20080226160700.0 | ||
| 008 | 080110s2007 njua b 001 0 eng d | ||
| 010 | _a 2008296032 | ||
| 020 | _a9789812705457 | ||
| 020 | _a9812705457 | ||
| 035 | _a(OCoLC)ocn144226023 | ||
| 040 |
_aBTCTA _cBTCTA _dBAKER _dYDXCP _dCIT _dTJC _dDLC |
||
| 042 | _alccopycat | ||
| 050 | 0 | 0 |
_aTA418.9.L54 _bL576 2007 |
| 082 | 0 | 0 |
_a610.28 _222 _bLIQ |
| 245 | 0 | 0 |
_aLiquid crystals: _bfrontiers in biomedical applications / _ceditors Scott J. Woltman, Gregory P. Crawford, Gregory D. Jay. |
| 260 |
_aHackensack, NJ : _bWorld Scientific, _cc2007. |
||
| 300 |
_axx, 493 p. : _bill. (some col.) ; _c24 cm. |
||
| 504 | _aIncludes bibliographical references and index. | ||
| 505 | 0 | _aLiquid crystals: a unique phase of matter / Gregory P. Crawford and Scott J. Woltman -- Medical displays / Frederick Y. Biga, Francois I. Luks, John W. McMurdy and Gregory P. Crawford -- Liquid crystals in spectroscopy, microscopy and hyperspectral imaging / John W. McMurdy, Gregory P. Crawford and Selim Suner -- Liquid crystal biosensors / Maureen K. McCamley, Andrew W. Artenstein and Gregory P. Crawford -- Liquid crystal lasers / Scott J. Woltman -- Biomimicking with liquid crystals / Scott J. Woltman, John W. McMurdy, Gregory P. Crawford and Suraj P. Gorkhali -- Actuators and delivery systems / Leslie J. Shelton, Scott J. Woltman and Gregory P. Crawford. | |
| 650 | 0 |
_aLiquid crystals. _94312 |
|
| 650 | 0 |
_aBiomedical engineering. _94313 |
|
| 700 | 1 |
_aWoltman, Scott J. _94314 |
|
| 700 | 1 |
_aCrawford, Gregory Philip. _94315 |
|
| 700 | 1 |
_aJay, Gregory D. _94316 |
|
| 942 |
_2ddc _cBB |
||
| 999 |
_c11435 _d11435 |
||